Specification report 2017 (Record no. 116130)
[ view plain ]
| 000 -LEADER | |
|---|---|
| fixed length control field | 01285cad a22002415a 4500 |
| 001 - CONTROL NUMBER | |
| control field | L159826 |
| 008 - FIXED-LENGTH DATA ELEMENTS--GENERAL INFORMATION | |
| fixed length control field | 101209s2017 xxk f 000 0 eng d |
| 035 ## - SYSTEM CONTROL NUMBER | |
| System control number | (Sirsi) u159826 |
| 041 0# - LANGUAGE CODE | |
| Language code of text/sound track or separate title | eng |
| 050 04 - LIBRARY OF CONGRESS CALL NUMBER | |
| Classification number | 692.3 $2 18 |
| 110 2# - MAIN ENTRY--CORPORATE NAME | |
| Corporate name or jurisdiction name as entry element | NBS Services |
| 9 (RLIN) | 90 |
| 245 00 - TITLE STATEMENT | |
| Title | Specification report 2017 |
| Medium | [electronic resource] |
| 260 ## - PUBLICATION, DISTRIBUTION, ETC. | |
| Place of publication, distribution, etc. | [S.l.] |
| Name of publisher, distributor, etc. | NBS |
| Date of publication, distribution, etc. | 2017 |
| 505 2# - FORMATTED CONTENTS NOTE | |
| Formatted contents note | Introduction -- Why specifications are still important -- The alternative to last-minute specification writing -- Specification survey: summary of findings -- View from the industry -- Meet the team writing NBS -- The legalities behind specifications |
| 520 ## - SUMMARY, ETC. | |
| Summary, etc. | Highlights the importance of specifications and detailed construction information with the rise of BIM and the technological transformation of the design process. Brings the results of the specification survey 2017. |
| 590 ## - LOCAL NOTE (RLIN) | |
| Local note | KA NTK |
| 650 24 - SUBJECT ADDED ENTRY--TOPICAL TERM | |
| Topical term or geographic name entry element | SPECIFICATION |
| 651 #4 - SUBJECT ADDED ENTRY--GEOGRAPHIC NAME | |
| Geographic name | United Kingdom |
| Chronological subdivision | |
| 710 1# - ADDED ENTRY--CORPORATE NAME | |
| Corporate name or jurisdiction name as entry element | Royal Institute of British Architects |
| 9 (RLIN) | 2527 |
| 856 40 - ELECTRONIC LOCATION AND ACCESS | |
| Uniform Resource Identifier | <a href="https://www.thenbs.com/knowledge/nbs-specification-report-2017">https://www.thenbs.com/knowledge/nbs-specification-report-2017</a> |
| Public note | View the report free of charge at www.thenbs.com |
| 856 40 - ELECTRONIC LOCATION AND ACCESS | |
| Uniform Resource Identifier | <a href="https://www.thenbs.com/-/media/uk/files/pdf/nbs-specification-report-2017.pdf'?la=en">https://www.thenbs.com/-/media/uk/files/pdf/nbs-specification-report-2017.pdf'?la=en</a> |
| Public note | View the item free of charge at www.thenbs.com |
| 942 ## - ADDED ENTRY ELEMENTS (KOHA) | |
| Suppress in OPAC | 0 |
| Withdrawn status | Lost status | Source of classification or shelving scheme | Damaged status | Not for loan | Home library | Current library | Shelving location | Date acquired | Total Checkouts | Full call number | Barcode | Date last seen | Copy number | Price effective from | Koha item type |
|---|---|---|---|---|---|---|---|---|---|---|---|---|---|---|---|
| Dewey Decimal Classification | Virtual | Virtual | Online | 08/03/2018 | ONLINE PUBLICATION | 159826-2001 | 06/08/2019 | 1 | 06/08/2019 | Book |